00362nam a2200109Ia 4500008004100000100002100041245005000062260002400112300002000136650001800156856007800174160712s9999 xx 000 0 und d aIqbal, Mohagher. cMohagher IqbalaIt's Now or Later...Or Never? c2012bAsian Studies avol. 48 no. 1-2 xASIAN STUDIES uhttp://www.asj.upd.edu.ph/index.php/archive/169-asian-studies-48-1-2-2012